Developing office skills

Bibliographic Details
Main Author: Kerr, Nettie
Other Authors: Yates, Barbara
Format: Book
Published: Australia : Pearson Education , 2004
Edition:4th ed
Subjects:

MARC

LEADER 00000cam a2200000 7i4500
001 0000015853
005 20050921.0
020 |a 1740910990 
040 |a INS 
090 0 0 |a HF5547.5   |b K41 2004 
100 1 |a Kerr, Nettie 
245 1 0 |a Developing office skills   |c Nettie Kerr 
250 |a 4th ed 
260 |a Australia :   |b Pearson Education ,   |c 2004 
300 |a viib563p ;   |c 24cm. 
650 0 0 |a Office practice 
700 0 |a Yates, Barbara 
999 |a 0000015835   |b BOOK   |c Open Shelf   |e Default branch